000 00683nam a2200217Ia 4500
005 20230309110127.0
008 131103s9999 xx 000 0 und d
020 _a631234721
_cRs 295
040 _aLoreto College
041 _aEnglish
082 _a822.4
_bWOM
245 _aRestoration Comedy
_b Introduced by Duncan Wu with texts taken from Restoration Drama : An Anthology
_cEdited by David Womersley
260 _aOxford
_bBlackwell Publishing
_c2002
300 _a153p
440 _aBlackwell Essential Literature
504 _aIncludes bibliographical references
650 _aRestoration Comedy
700 _aWomersley, David, ed
850 _aLCLIB
942 _cBK
999 _c17630
_d68109